A szálloda megújulása és az éttermi vendégtér bemutatása és felújítási lehetőségeinek vizsgálata a Mercure Budapest Budában

Bibliographic Details
Main Author: Gartai Norbert
Other Authors: Karakasné Morvay Dr. Klára
Format: Project work
Kulcsszavak:Hotel Mercure Buda
ACCOR
Vendéglátás
Online Access:http://dolgozattar.uni-bge.hu/12029

MARC

LEADER 00000nnm a2200000 i 4500
001 dolg12029
005 20170630100028.0
008 170517suuuu hu o 000 hun d
040 |a BGE Dolgozattár Repozitórium  |b hun 
041 |a hu 
100 1 |a Gartai Norbert 
245 1 2 |a A szálloda megújulása és az éttermi vendégtér bemutatása és felújítási lehetőségeinek vizsgálata a Mercure Budapest Budában  |c Gartai Norbert  |h [elektronikus dokumentum] 
516 |a Project_work 
695 |a Hotel Mercure Buda 
695 |a ACCOR 
695 |a Vendéglátás 
700 1 |a Karakasné Morvay Dr. Klára  |e ths 
856 4 0 |u http://dolgozattar.uni-bge.hu/12029/1/Projektmunka-legujabb.pdf  |z Dokumentum-elérés